00380nam a2200145Ia 4500008004100000020001500041041001200056082001600068100002000084245006100104260003500165300000800200650001400208700001200222221030s9999 xx 000 0 und d a8177582488 aEnglish a105.23bKer aB. W. Kernighan 4aThe Practice of Programmingcby B. W. Kernighan, R. Pike bPearson EducationaDelhic2006 a267 aComputers aR. Pike